| 000 | 00865nam a2200229Ia 4500 | ||
|---|---|---|---|
| 003 | OSt | ||
| 005 | 20251111111221.0 | ||
| 008 | 210210b2016 xxu||||| |||| 00| 0 eng d | ||
| 040 | _cAL | ||
| 041 | _aKannada | ||
| 082 | _aK894.4 PERP | ||
| 100 |
_aPERKINS (Jane) _dಪರ್ಕಿನ್ಸ್ (ಜೇನ್) _9244966 |
||
| 245 |
_aPapanivedane _bಪಾಪ ನಿವೇದನೆ |
||
| 260 |
_aBengaluru _bNot Mentioned _c2016 |
||
| 300 | _a244 | ||
| 650 |
_aಪರ್ಕಿನ್ಸ್ ಜೇನ್ "ಕನ್ಫೆಷನ್ಸ್ ಆಫ್ ಆನ್ ಎಕನಾಮಿಕ್ ಹಿಟ್ ಮ್ಯಾನ್" _9244974 |
||
| 650 |
_a Confessions of an Economic Hit Man _9244975 |
||
| 690 |
_aKannada Prose _9244972 |
||
| 700 |
_aBanjagere Jayaprakasha _d ಬಂಜಗೆರೆ ಜಯಪ್ರಕಾಶ್ _9244973 |
||
| 906 | _a071292 | ||
| 942 |
_2ddc _cBK |
||
| 999 |
_c120631 _d120631 |
||